[Event "CFriend AT-2005-0-00293 email"]
[Site "Chessfriend.com"]
[Date "2005.09.16"]
[Round "1"]
[White "St Amour, Philippe"]
[Black "Aalderink, Gerwin"]
[Result "1-0"]
[WhiteElo "2153"]
[BlackElo "1997"]
[PlyCount "79"]
[EventDate "2005.??.??"]
[EventType "tourn (corr)"]
[EventRounds "2"]
[SourceTitle "Corr 2024"]
[Source "ChessBase"]
[SourceDate "2023.10.19"]
[SourceVersion "1"]
[SourceVersionDate "2023.10.19"]
[SourceQuality "1"]

1. e4 c6 2. d4 d5 3. e5 Bf5 4. Nf3 e6 5. Be2 c5 6. Be3 Nd7 7. 0-0 a6 8. Nbd2 cxd4 9. Nxd4 Ne7 10. f4 g5 11. c4 gxf4 12. Nxf5 Nxf5 13. Bxf4 dxc4 14. Nxc4 b5 15. Nd6+ Nxd6 16. exd6 Bg7 17. Rc1 Qf6 18. b3 Qd4+ 19. Kh1 Qxd1 20. Rfxd1 h5 21. Rc7 h4 22. Bf3 Rd8 23. Bc6 Bb2 24. Re1 Rh5 25. Be3 Ba3 26. Bb6 Kf8 27. Bxd7 Bxd6 28. Ra7 Bc5 29. Bxd8 Bxa7 30. Bc8 Bf2 31. Rf1 Ke8 32. Bf6 Bc5 33. Bxa6 Be7 34. Bxe7 Kxe7 35. h3 b4 36. Rf4 Ra5 37. Bf1 Rf5 38. Rxf5 exf5 39. g3 hxg3 40. Kg2 1-0

[Event "CFriend AR-2004-F-00004 email"]
[Site "Chessfriend.com"]
[Date "2005.07.08"]
[Round "1"]
[White "Fuhrwerk, Klaus"]
[Black "St Amour, Philippe"]
[Result "1-0"]
[WhiteElo "2265"]
[BlackElo "2153"]
[PlyCount "65"]
[EventDate "2005.??.??"]
[EventType "tourn (corr)"]
[EventRounds "6"]
[SourceTitle "Corr 2024"]
[Source "ChessBase"]
[SourceDate "2023.10.19"]
[SourceVersion "1"]
[SourceVersionDate "2023.10.19"]
[SourceQuality "1"]

1. e4 c5 2. Nf3 e6 3. d4 cxd4 4. Nxd4 Nc6 5. Nc3 a6 6. Be3 Qc7 7. Bd3 b5 8. 0-0 Bb7 9. Nxc6 Qxc6 10. Re1 Ne7 11. a4 b4 12. Na2 Ng6 13. c3 bxc3 14. Rc1 Qd6 15. Nxc3 Be7 16. Re2 0-0 17. Rd2 Qe5 18. g3 Qa5 19. Be2 d6 20. Rd4 Rfc8 21. b4 Qd8 22. f4 Qf8 23. Rd3 Rc4 24. Qb3 d5 25. exd5 Rxb4 26. Qa2 Bc8 27. Qd2 a5 28. d6 Bf6 29. Bc5 Rc4 30. Ne4 Rxe4 31. d7 Qd8 32. Bf3 Bb7 33. Qg2 1-0

[Event "CFriend AR-2004-F-00004 email"]
[Site "Chessfriend.com"]
[Date "2005.07.08"]
[Round "1"]
[White "St Amour, Philippe"]
[Black "Malmstrom, Jan"]
[Result "1-0"]
[WhiteElo "2153"]
[BlackElo "1915"]
[PlyCount "99"]
[EventDate "2005.??.??"]
[EventType "tourn (corr)"]
[EventRounds "6"]
[SourceTitle "Corr 2024"]
[Source "ChessBase"]
[SourceDate "2023.10.19"]
[SourceVersion "1"]
[SourceVersionDate "2023.10.19"]
[SourceQuality "1"]

1. Nc3 e5 2. d4 exd4 3. Qxd4 Nc6 4. Qe4+ Nge7 5. Nf3 d5 6. Qa4 a6 7. Be3 Nf5 8. Bg5 f6 9. e4 fxg5 10. exf5 Bb4 11. 0-0-0 Bxc3 12. bxc3 Bxf5 13. Bc4 b5 14. Rhe1+ Ne7 15. Qb4 c5 16. Qxc5 Rc8 17. Qxd5 Qxd5 18. Bxd5 Rf8 19. Nxg5 h6 20. Ne6 Bxe6 21. Bxe6 Rxc3 22. Bd7+ Kf7 23. Rd4 g6 24. a4 bxa4 25. Bxa4 Rc7 26. g4 Kg7 27. f4 Rf6 28. Red1 Rb6 29. R1d3 a5 30. c3 Kf7 31. h3 Rcb7 32. Bc2 Re6 33. Kd2 Reb6 34. c4 Rc7 35. Rd7 Rxd7 36. Rxd7 Ra6 37. Ba4 Re6 38. Kd3 Re1 39. c5 Ra1 40. Bb5 Rb1 41. Bc4+ Ke8 42. Rd6 h5 43. Kd4 hxg4 44. hxg4 Rb4 45. c6 Nc8 46. Re6+ Kd8 47. Kc5 Nb6 48. Ba2 Rb2 49. Rxg6 Rxa2 50. Kxb6 1-0

[Event "CFriend AR-2004-F-00004 email"]
[Site "Chessfriend.com"]
[Date "2005.07.08"]
[Round "1"]
[White "St Amour, Philippe"]
[Black "Zeihen, Pascal"]
[Result "1-0"]
[WhiteElo "2153"]
[BlackElo "2294"]
[PlyCount "43"]
[EventDate "2005.??.??"]
[EventType "tourn (corr)"]
[EventRounds "6"]
[SourceTitle "Corr 2024"]
[Source "ChessBase"]
[SourceDate "2023.10.19"]
[SourceVersion "1"]
[SourceVersionDate "2023.10.19"]
[SourceQuality "1"]

1. Nc3 e5 2. Nf3 Nc6 3. d4 exd4 4. Nxd4 Nf6 5. Bg5 h6 6. Bxf6 Qxf6 7. Ndb5 Qd8 8. Nd5 Bb4+ 9. c3 Ba5 10. b4 a6 11. Nd4 Bb6 12. Nf5 0-0 13. Nxb6 cxb6 14. Nd6 b5 15. Qd2 Qf6 16. Rd1 a5 17. a3 b6 18. e4 axb4 19. axb4 Ra3 20. Nxb5 Ra8 21. Nd6 Ra3 22. b5 1-0

[Event "CFriend AK-2005-A-00007 email"]
[Site "Chessfriend.com"]
[Date "2005.04.25"]
[Round "1"]
[White "Petzold, Gunter"]
[Black "St Amour, Philippe"]
[Result "1/2-1/2"]
[WhiteElo "2270"]
[BlackElo "2153"]
[PlyCount "64"]
[EventDate "2005.??.??"]
[EventType "tourn (corr)"]
[EventRounds "6"]
[SourceTitle "Corr 2024"]
[Source "ChessBase"]
[SourceDate "2023.10.19"]
[SourceVersion "1"]
[SourceVersionDate "2023.10.19"]
[SourceQuality "1"]

1. d4 d5 2. c4 c6 3. Nf3 Nf6 4. Nc3 a6 5. e3 Bf5 6. cxd5 cxd5 7. Ne5 h6 8. Qb3 Ra7 9. Bd2 e6 10. Rc1 Nbd7 11. Nxd7 Nxd7 12. Ne2 Nb8 13. Nf4 Nc6 14. Nh5 Be4 15. f3 Bg6 16. Nf4 Bf5 17. Bd3 Bxd3 18. Nxd3 Bd6 19. 0-0 0-0 20. f4 Qe7 21. Ne5 Rc8 22. a3 a5 23. a4 Qe8 24. Qb6 Rc7 25. Rc2 f6 26. Nxc6 bxc6 27. Rfc1 Kh7 28. Qb3 Qc8 29. Qd3+ f5 30. h3 Qb7 31. g4 g6 32. h4 Qc8 1/2-1/2

[Event "CFriend AH-2004-0-00009 email"]
[Site "Chessfriend.com"]
[Date "2005.04.11"]
[Round "1"]
[White "Boschek, Hans Joachim"]
[Black "St Amour, Philippe"]
[Result "1-0"]
[WhiteElo "2157"]
[BlackElo "2153"]
[PlyCount "75"]
[EventDate "2005.??.??"]
[EventType "tourn (corr)"]
[EventRounds "6"]
[SourceTitle "Corr 2008"]
[Source "ChessBase"]
[SourceDate "2008.06.24"]
[SourceVersion "1"]
[SourceVersionDate "2008.06.24"]
[SourceQuality "1"]

1. e4 e5 2. Nf3 Nc6 3. Bb5 a6 4. Ba4 Nf6 5. 0-0 Be7 6. Re1 b5 7. Bb3 0-0 8. h3 Bb7 9. d3 Bc5 10. c3 d6 11. Bg5 h6 12. Bh4 Bb6 13. Nbd2 Rb8 14. Nf1 a5 15. Qd2 a4 16. Bd5 Na5 17. Bxb7 Nxb7 18. Ng3 Nc5 19. d4 Ncd7 20. Nf5 Re8 21. Rad1 Qc8 22. b4 axb3 23. axb3 Qb7 24. dxe5 dxe5 25. Nh2 b4 26. Ng4 Nxg4 27. Qxd7 Nxf2 28. Bxf2 Bxf2+ 29. Kxf2 bxc3 30. Qd3 Qb6+ 31. Kg3 Qxb3 32. Kh2 c2 33. Qxb3 Rxb3 34. Rc1 Rd8 35. Rxc2 Rd7 36. Rec1 Rb7 37. Rc5 f6 38. Ne3 1-0

[Event "CFriend AR-2004-Q-00006 email"]
[Site "Chessfriend.com"]
[Date "2004.12.27"]
[Round "1"]
[White "Nowak, Zdzislaw"]
[Black "St Amour, Philippe"]
[Result "1/2-1/2"]
[WhiteElo "2349"]
[BlackElo "2153"]
[PlyCount "90"]
[EventDate "2004.??.??"]
[EventType "tourn (corr)"]
[EventRounds "12"]
[EventCountry "GER"]
[SourceTitle "Corr 2024"]
[Source "ChessBase"]
[SourceDate "2023.10.19"]
[SourceVersion "1"]
[SourceVersionDate "2023.10.19"]
[SourceQuality "1"]

1. e4 c5 2. Nf3 e6 3. Nc3 Nc6 4. d4 cxd4 5. Nxd4 Qc7 6. Be2 a6 7. 0-0 Nf6 8. Be3 Bb4 9. Na4 Bd6 10. Nxc6 bxc6 11. f4 Nxe4 12. Nb6 Rb8 13. Nxc8 Rxc8 14. Bxa6 Ra8 15. Qf3 Bc5 16. Qxe4 d5 17. Qd3 Bxe3+ 18. Qxe3 Rxa6 19. a4 Qa7 20. Qxa7 Rxa7 21. b4 Kd7 22. Ra3 c5 23. b5 Rha8 24. Rfa1 Ra5 25. Kf2 c4 26. g4 Kd6 27. Ke3 Kc5 28. h4 f6 29. R3a2 e5 30. f5 Kb6 31. Kf3 c3 32. h5 h6 33. Ra3 Rc8 34. R1a2 Rc4 35. Ra1 Ra7 36. a5+ Kxb5 37. Rb3+ Kc6 38. Rb8 Rc5 39. a6 Kd6 40. Rd8+ Ke7 41. Rg8 Kf7 42. Rb8 Rcc7 43. Rb6 d4 44. Ke4 Rd7 45. Kd3 Rd8 1/2-1/2

[Event "CFriend AC-2003-S-00006 email"]
[Site "Chessfriend.com"]
[Date "2004.12.01"]
[Round "1"]
[White "Billaudelle, Frank"]
[Black "St Amour, Philippe"]
[Result "1-0"]
[WhiteElo "2438"]
[BlackElo "2153"]
[PlyCount "55"]
[EventDate "2004.??.??"]
[EventType "tourn (corr)"]
[EventRounds "6"]
[SourceTitle "Corr 2024"]
[Source "ChessBase"]
[SourceDate "2023.10.19"]
[SourceVersion "1"]
[SourceVersionDate "2023.10.19"]
[SourceQuality "1"]

1. e4 c5 2. Nf3 g6 3. d4 cxd4 4. Nxd4 Bg7 5. c4 Nc6 6. Be3 Nf6 7. Nc3 0-0 8. Be2 d6 9. 0-0 Bd7 10. Qd2 Ng4 11. Bxg4 Bxg4 12. f3 Bd7 13. Rac1 Qa5 14. Rfd1 Rae8 15. b3 f5 16. exf5 gxf5 17. Nde2 b6 18. Bh6 Rf7 19. Bxg7 Rxg7 20. Nf4 Ne5 21. Kh1 Kh8 22. Qb2 Kg8 23. b4 Qa6 24. c5 bxc5 25. bxc5 Rc8 26. cxd6 exd6 27. Ncd5 Rf7 28. Nh5 1-0

[Event "CFriend AC-2003-S-00006 email"]
[Site "Chessfriend.com"]
[Date "2004.12.01"]
[Round "1"]
[White "St Amour, Philippe"]
[Black "Niewiadomski, Wieslaw"]
[Result "1/2-1/2"]
[WhiteElo "2153"]
[BlackElo "2328"]
[PlyCount "38"]
[EventDate "2004.??.??"]
[EventType "tourn (corr)"]
[EventRounds "6"]
[SourceTitle "Corr 2024"]
[Source "ChessBase"]
[SourceDate "2023.10.19"]
[SourceVersion "1"]
[SourceVersionDate "2023.10.19"]
[SourceQuality "1"]

1. d4 d5 2. c4 c6 3. Nf3 Nf6 4. e3 e6 5. Bd3 Nbd7 6. 0-0 Bd6 7. Nbd2 0-0 8. e4 dxe4 9. Nxe4 Nxe4 10. Bxe4 h6 11. Bc2 e5 12. Re1 exd4 13. Qxd4 Bc5 14. Qc3 a5 15. a3 Nf6 16. Bxh6 Bxf2+ 17. Kxf2 Ng4+ 18. Kg1 Nxh6 19. Rad1 Qc7 1/2-1/2

[Event "CFriend AC-2003-S-00006 email"]
[Site "Chessfriend.com"]
[Date "2004.12.01"]
[Round "1"]
[White "Thompson, Brian"]
[Black "St Amour, Philippe"]
[Result "0-1"]
[WhiteElo "1949"]
[BlackElo "2153"]
[PlyCount "66"]
[EventDate "2004.??.??"]
[EventType "tourn (corr)"]
[EventRounds "6"]
[SourceTitle "Corr 2024"]
[Source "ChessBase"]
[SourceDate "2023.10.19"]
[SourceVersion "1"]
[SourceVersionDate "2023.10.19"]
[SourceQuality "1"]

1. d4 d5 2. Nf3 c6 3. c4 e6 4. e3 Nf6 5. b3 Bb4+ 6. Bd2 Bd6 7. Nc3 Ne4 8. Nxe4 dxe4 9. Ne5 0-0 10. f4 c5 11. dxc5 Bxc5 12. b4 Be7 13. c5 Nd7 14. Bc3 Nf6 15. Qd4 Qc7 16. Nc4 Rd8 17. Qe5 Qc6 18. Qg5 b6 19. a4 Qe8 20. Be5 Qf8 21. Bd6 Bxd6 22. Nxd6 Nd5 23. Nxe4 f6 24. Qg3 f5 25. Ng5 Qf6 26. Rd1 h6 27. Nh3 Qc3+ 28. Kf2 Qc2+ 29. Be2 Ba6 30. b5 Nc3 31. Qf3 Rxd1 32. Rxd1 Nxd1+ 33. Kg3 Rd8 0-1

[Event "CFriend RH-2004-0-00018 email"]
[Site "Chessfriend.com"]
[Date "2004.09.29"]
[Round "1"]
[White "St Amour, Philippe"]
[Black "Smith, Douglas Royston"]
[Result "1/2-1/2"]
[WhiteElo "2153"]
[BlackElo "1963"]
[PlyCount "74"]
[EventDate "2004.??.??"]
[EventType "tourn (corr)"]
[EventRounds "6"]
[SourceTitle "Corr 2008"]
[Source "ChessBase"]
[SourceDate "2008.06.24"]
[SourceVersion "1"]
[SourceVersionDate "2008.06.24"]
[SourceQuality "1"]

1. d4 d5 2. c4 Nc6 3. Nc3 dxc4 4. Nf3 Nf6 5. e3 Bg4 6. Bxc4 e6 7. Bb5 Bb4 8. Qa4 Bxf3 9. gxf3 Qd6 10. 0-0 Bxc3 11. bxc3 Nd7 12. Rb1 Nb6 13. Qc2 0-0 14. Kh1 Rad8 15. Rg1 e5 16. Qf5 g6 17. Rb3 Rfe8 18. f4 exd4 19. cxd4 Ne7 20. Qc2 c6 21. Bd3 Nbd5 22. Ba3 Qd7 23. f5 b5 24. Bc5 a5 25. Rg3 Kh8 26. fxg6 fxg6 27. e4 a4 28. Rb1 Nf4 29. Bf1 Ne6 30. Bh3 Nc8 31. Re1 Qf7 32. Bxe6 Qxe6 33. f4 Nd6 34. Rge3 Qf7 35. Qf2 Re6 36. R3e2 Rf6 37. Rf1 Re6 1/2-1/2

[Event "CFriend AC-2004-Q-00004 email"]
[Site "Chessfriend.com"]
[Date "2004.07.14"]
[Round "1"]
[White "Haeusler, Werner"]
[Black "St Amour, Philippe"]
[Result "1-0"]
[WhiteElo "2433"]
[BlackElo "2153"]
[PlyCount "67"]
[EventDate "2004.??.??"]
[EventType "tourn (corr)"]
[EventRounds "10"]
[SourceTitle "Corr 2024"]
[Source "ChessBase"]
[SourceDate "2023.10.19"]
[SourceVersion "1"]
[SourceVersionDate "2023.10.19"]
[SourceQuality "1"]

1. d4 Nf6 2. Bg5 Ne4 3. Bf4 d5 4. e3 Bf5 5. f3 Nd6 6. Nd2 e6 7. c4 Nxc4 8. Nxc4 dxc4 9. e4 Bb4+ 10. Bd2 Bxd2+ 11. Qxd2 Bg6 12. Bxc4 Nd7 13. Ne2 0-0 14. 0-0 c5 15. Rfd1 Nb6 16. Qc3 cxd4 17. Rxd4 Qe7 18. Bb3 a5 19. a3 e5 20. Rd2 a4 21. Ba2 Rfd8 22. Rad1 Rxd2 23. Qxd2 Kf8 24. Qd6 Nc8 25. Qd5 Na7 26. Qa5 b5 27. Rc1 Rd8 28. Rc7 Rd1+ 29. Kf2 Qh4+ 30. Ng3 Qd8 31. Bd5 Nc6 32. Qb6 Ne7 33. Qc5 Rd2+ 34. Ke1 1-0

[Event "CFriend AR-2003-F-00006 email"]
[Site "Chessfriend.com"]
[Date "2004.05.07"]
[Round "1"]
[White "Quizielvu, Massimo"]
[Black "St Amour, Philippe"]
[Result "0-1"]
[WhiteElo "2184"]
[BlackElo "2121"]
[PlyCount "106"]
[EventDate "2004.??.??"]
[EventType "tourn (corr)"]
[EventRounds "12"]
[SourceTitle "Corr 2008"]
[Source "ChessBase"]
[SourceDate "2008.06.24"]
[SourceVersion "1"]
[SourceVersionDate "2008.06.24"]
[SourceQuality "1"]

1. e4 e5 2. Nf3 Nc6 3. Bb5 a6 4. Ba4 Nf6 5. d3 d6 6. c3 Be7 7. Nbd2 0-0 8. Nf1 b5 9. Bc2 d5 10. Qe2 Re8 11. Ng3 Be6 12. 0-0 dxe4 13. Nxe4 Nxe4 14. Qxe4 Bd5 15. Qg4 Qc8 16. Qg3 Qf5 17. Nd2 h5 18. Ne4 h4 19. Qe3 Qg6 20. f4 exf4 21. Qxf4 h3 22. g3 Rad8 23. Be3 Bd6 24. Qg5 Ne5 25. Qxg6 Nxg6 26. Rae1 Bxe4 27. dxe4 Ne5 28. Kh1 a5 29. a4 b4 30. Rd1 bxc3 31. bxc3 Ng4 32. Bg1 Be5 33. c4 Nf6 34. Rxd8 Rxd8 35. Rf5 Ng4 36. c5 Rb8 37. Rf1 Rb2 38. Rc1 c6 39. Bd1 Nf6 40. Bc2 Ra2 41. Bb3 Re2 42. Rd1 Kf8 43. Bc4 Rxe4 44. Ba6 Rxa4 45. Bb7 Ra2 46. Bxc6 a4 47. Re1 Bc7 48. Bb5 a3 49. Bf1 Ng4 50. Bxh3 Nf2+ 51. Bxf2 Rxf2 52. Bd7 g6 53. Bb5 a2 0-1

[Event "CFriend AR-2003-F-00006 email"]
[Site "Chessfriend.com"]
[Date "2004.05.07"]
[Round "1"]
[White "St Amour, Philippe"]
[Black "Paetzold, Ortwin"]
[Result "1/2-1/2"]
[WhiteElo "2121"]
[BlackElo "1895"]
[PlyCount "30"]
[EventDate "2004.??.??"]
[EventType "tourn (corr)"]
[EventRounds "12"]
[SourceTitle "Corr 2008"]
[Source "ChessBase"]
[SourceDate "2008.06.24"]
[SourceVersion "1"]
[SourceVersionDate "2008.06.24"]
[SourceQuality "1"]

1. e4 e5 2. Nf3 Nc6 3. d4 exd4 4. Nxd4 Bc5 5. Nxc6 Qf6 6. Qf3 Qxf3 7. gxf3 dxc6 8. Rg1 Ne7 9. Nc3 Ng6 10. f4 f5 11. Be3 Bb4 12. e5 Be6 13. 0-0-0 Bxc3 14. bxc3 Kf7 15. Kb2 Rhd8 1/2-1/2

[Event "CFriend AR-2003-F-00006 email"]
[Site "Chessfriend.com"]
[Date "2004.05.07"]
[Round "1"]
[White "St Amour, Philippe"]
[Black "Zeihen, Pascal"]
[Result "0-1"]
[WhiteElo "2121"]
[BlackElo "2300"]
[PlyCount "98"]
[EventDate "2004.??.??"]
[EventType "tourn (corr)"]
[EventRounds "12"]
[SourceTitle "Corr 2008"]
[Source "ChessBase"]
[SourceDate "2008.06.24"]
[SourceVersion "1"]
[SourceVersionDate "2008.06.24"]
[SourceQuality "1"]

1. e4 c5 2. Nf3 d6 3. Bc4 Nf6 4. Nc3 e6 5. d4 cxd4 6. Qxd4 Be7 7. 0-0 0-0 8. Rd1 Nc6 9. Qe3 a6 10. Be2 Bd7 11. a3 Rc8 12. Qf4 e5 13. Qe3 Be6 14. Nd5 Na5 15. Nxe7+ Qxe7 16. Bd3 Nc6 17. Bd2 Bg4 18. c4 Nd7 19. b4 Nd4 20. Nxd4 exd4 21. Qxd4 Bxd1 22. Rxd1 Ne5 23. Bf1 Qe6 24. Rc1 Rfe8 25. Qd5 Rc6 26. f4 Nd7 27. Qxe6 fxe6 28. Kf2 Rec8 29. Rd1 Nb6 30. b5 axb5 31. cxb5 Rc2 32. Kg3 Nc4 33. Bb4 Ne3 34. Re1 Nxf1+ 35. Rxf1 R8c4 36. Kf3 Rb2 37. Re1 Rcc2 38. g3 Rxh2 39. Bxd6 Rxb5 40. Bb4 g5 41. Rd1 gxf4 42. gxf4 h5 43. Kg3 Re2 44. Kf3 Rb2 45. Rd3 Kf7 46. Kg3 Kg6 47. Rd6 Rb3+ 48. Kh4 Kf6 49. Rd1 Re3 0-1

[Event "CFriend AH-2004-0-00006 email"]
[Site "Chessfriend.com"]
[Date "2004.04.14"]
[Round "1"]
[White "Rolle, Hannes"]
[Black "St Amour, Philippe"]
[Result "1-0"]
[WhiteElo "2235"]
[BlackElo "2153"]
[PlyCount "85"]
[EventDate "2004.??.??"]
[EventType "tourn (corr)"]
[EventRounds "13"]
[SourceTitle "Corr 2024"]
[Source "ChessBase"]
[SourceDate "2023.10.19"]
[SourceVersion "1"]
[SourceVersionDate "2023.10.19"]
[SourceQuality "1"]

1. d4 Nf6 2. c4 e6 3. Nc3 d5 4. cxd5 exd5 5. Bg5 c6 6. e3 h6 7. Bh4 Bf5 8. Qf3 Bg6 9. Bxf6 Qxf6 10. Qxf6 gxf6 11. Rc1 Nd7 12. Be2 Rg8 13. Nh3 Bd6 14. f3 Bf5 15. g4 Bh7 16. Nf4 f5 17. Bd3 0-0-0 18. Kf2 Bxf4 19. exf4 Nf6 20. Rhg1 fxg4 21. Bxh7 Nxh7 22. fxg4 Kd7 23. Kf3 Rde8 24. h4 Rd8 25. g5 hxg5 26. fxg5 Nf8 27. Rcf1 Ne6 28. Ne2 Rdf8 29. Ke3 Rg7 30. Nf4 Rh8 31. Nxe6 Kxe6 32. Rf4 Rh5 33. Kf3 Rgh7 34. Rh1 Kd6 35. Kg4 Ke7 36. b4 a6 37. a4 Rh8 38. Rf5 R5h7 39. h5 Ra8 40. h6 Rg8 41. b5 axb5 42. axb5 cxb5 43. Re1+ 1-0